[Event "9th HDBank Open 2019"]
[Site "Ho Chi Minh City"]
[Date "2019.03.11"]
[Round "7.13"]
[White "Pham, Le Thao Nguyen"]
[Black "Nasanjargal, Urtnasan"]
[Result "1/2-1/2"]
[WhiteElo "2374"]
[BlackElo "2503"]
[Annotator "TA"]
[PlyCount "112"]
[EventDate "2019.03.07"]
[EventType "swiss"]
[EventCountry "VIE"]
[SourceTitle "playchess.com"]
[Source "ChessBase"]
[SourceQuality "1"]

{[%evp 12,112,22,7,77,72,88,73,82,60,60,60,53,43,57,58,58,64,92,74,97,100,122,101,103,79,104,104,112,95,93,93,88,91,91,97,91,0,93,0,122,82,92,88,87,85,92,40,39,35,73,69,78,64,81,77,83,91,82,68,77,35,35,35,35,35,26,28,33,7,11,8,18,20,29,30,27,8,8,8,8,8,15,0,0,0,0,0,0,0,0,0,0,0,0,0,0,0,0,0,0,0,0]} 1. d4 g6 2. Nf3 Nf6 3. g3 d5 4. Bg2 c6 5. O-O Bg7 6. Nbd2 O-O 7. c3 Ne4 {D02: 1 d4 d5 2 Nf3 sidelines, including 2...Nf6 3 g3 and 2...Nf6 3 Bf4} (7... Nbd7 $11) (7... Bf5 8. Nh4 Be6 9. f4 Na6 10. f5 Bd7 11. e4 dxe4 12. Nxe4 Nxe4 13. Bxe4 Qb6 14. Qb3 Bf6 15. Bh6 Qxb3 16. axb3 {0-1 (62) Artemiev,V (2709)-Duda,J (2738) St Petersburg 2018}) 8. Nxe4 $16 dxe4 9. Ng5 f5 {White is better.} 10. Qb3+ Qd5 11. f3 {[%cal Rf3e4]} h6 12. Nh3 exf3 13. exf3 Qxb3 14. axb3 g5 $146 15. Re1 Bf6 16. Nf2 Na6 17. Nd3 Rd8 18. Bf1 Nc7 19. b4 Rd6 20. Be3 Kg7 21. Bf2 a6 22. Nc5 Ne6 23. Na4 Nc7 24. Nc5 Ne6 $1 25. Na4 (25. Nb3 $16) 25... Rb8 (25... Nc7 $1 $11 {remains equal.}) 26. Bd3 b6 27. Bxf5 Nxd4 28. Be4 Nb3 29. Bxb6 (29. Ra3 $16 b5 30. Nc5 (30. Rxb3 bxa4 31. Ra3 a5 $16)) 29... Nxa1 $14 30. Bc7 Rb5 {[#] aiming for ...Rd7.} 31. Bxd6 exd6 32. Rxa1 Bb7 33. Rd1 Be7 34. Bd3 Re5 35. Nb6 c5 36. Nc4 Re6 $1 37. bxc5 {[#] Black must now prevent Bf5.} Bxf3 38. Bf5 {Hoping for c6.} Rf6 39. Re1 Bf8 40. g4 dxc5 41. Ne5 Bb7 42. Nd7 Rf7 43. Nxf8 Kxf8 $11 {[%mdl 4096] Endgame KRB-KRB} 44. Re6 Bc8 $1 {[%cal Rc8e6] The position is equal.} 45. Rxh6 Bxf5 46. gxf5 {KR-KR} Rb7 47. Rxa6 Rxb2 48. Rc6 Kf7 49. Rxc5 Kf6 50. h3 Rc2 51. c4 Rd2 52. Rc8 Kxf5 53. Rf8+ Ke4 54. Rf2 Rd3 55. Kg2 Rc3 56. Rf8 Rxc4 {Accuracy: White = 64%, Black = 71%.} 1/2-1/2

[Event "9th HDBank Open 2019"]
[Site "Ho Chi Minh City"]
[Date "2019.03.11"]
[Round "7.14"]
[White "Chu, Wei Chao"]
[Black "Nguyen, Anh Khoi"]
[Result "1/2-1/2"]
[WhiteElo "2373"]
[BlackElo "2484"]
[Annotator "TA"]
[PlyCount "59"]
[EventDate "2019.03.07"]
[EventType "swiss"]
[EventCountry "VIE"]
[SourceTitle "playchess.com"]
[Source "ChessBase"]
[SourceQuality "1"]

{[%evp 25,59,22,23,0,34,17,26,22,33,23,24,12,19,19,19,0,19,0,19,-2,19,0,19,19,19,5,19,19,19,2,19,3,19,19,19,19]} 1. d4 Nf6 2. c4 e6 3. g3 c5 4. d5 exd5 5. cxd5 d6 6. Nc3 g6 7. Bg2 Bg7 8. Nf3 O-O 9. O-O a6 10. a4 Nbd7 11. Re1 Re8 12. h3 Ne4 13. Nxe4 Rxe4 14. Qc2 {A63: Modern Benoni: Fianchetto Variation: 9...Nbd7} Re8 {[#]} 15. Bd2 $146 ({Predecessor:} 15. Bf4 Qc7 16. Nd2 Ne5 17. b4 c4 18. Ra3 Bf5 19. e4 Bd7 20. Bxe5 Bxe5 21. Qxc4 Rac8 {½-½ (63) Smejkal,J (2515)-Gruenberg,H (2475) Prague 1989}) 15... Ne5 16. Nxe5 {White has an edge.} Bxe5 17. Bc3 f5 18. e3 a5 {The position is equal.} 19. h4 b6 20. Bf3 Ra7 21. Kg2 Rf7 22. Rh1 Bd7 23. Qb3 Qc7 24. Rac1 h5 25. Rhd1 Rfe7 26. Qc2 Rf8 27. Kg1 Qd8 28. Ra1 Ree8 29. Re1 Qe7 30. Qd2 {Accuracy: White = 19%, Black = 40%.} 1/2-1/2

[Event "9th HDBank Open 2019"]
[Site "Ho Chi Minh City"]
[Date "2019.03.11"]
[Round "7.15"]
[White "Raghunandan, Kaumandur Srihari"]
[Black "Shyaamnikhil P"]
[Result "1-0"]
[WhiteElo "2352"]
[BlackElo "2429"]
[Annotator "TA"]
[PlyCount "53"]
[EventDate "2019.03.07"]
[EventType "swiss"]
[EventCountry "VIE"]
[SourceTitle "playchess.com"]
[Source "ChessBase"]
[SourceQuality "1"]

{[%evp 9,53,16,19,11,27,28,33,10,8,18,15,15,25,18,12,14,80,82,79,79,88,80,141,81,94,71,116,116,129,114,108,123,131,127,431,420,397,407,719,714,1171,1160,1422,1458,1425,1333]} 1. e4 c5 2. Nf3 d6 3. Bb5+ Nd7 4. O-O a6 5. Bd3 (5. Bxd7+ Bxd7 6. d4 cxd4 7. Qxd4 e5 8. Qd3 h6 9. a4 Nf6 10. a5 Be7 11. c4 b5 12. axb6 Qxb6 13. Nc3 O-O 14. Be3 Qb7 15. h3 Rfc8 16. Nd2 Be6 17. Rfb1 a5 18. b3 Ra6 19. Ra2 Bd7 20. Rba1 {½-½ (20) Wang,H (2730)-Nepomniachtchi,I (2763) St Petersburg 2018}) 5... Ngf6 6. Re1 {B51: Sicilian: Moscow Variation (3 Bb5+) without 3...Bd7} b5 7. c4 Rb8 8. Nc3 {[%cal Rc4b5] White is slightly better.} b4 9. Nd5 e6 10. Nxf6+ Qxf6 11. Bc2 e5 12. a3 g5 $146 (12... bxa3 $11 {remains equal.} 13. Rxa3 Be7) ({Predecessor:} 12... Be7 13. axb4 Rxb4 14. d3 O-O 15. Ba4 Nb8 16. Bg5 Qe6 17. Bd2 Rb7 18. Rb1 Qg6 19. Kh1 {½-½ (19) Cerveny,P (2319)-Kukelko,A (2196) Pardubice 2018}) 13. d3 $16 g4 {[#]} 14. Nd2 $1 h5 15. axb4 cxb4 ({Black should play} 15... Rxb4 16. Nf1 Bh6) 16. Nb3 (16. Ba4 $142) 16... Bh6 17. Bxh6 Qxh6 18. d4 exd4 19. Qxd4 {e5! is the strong threat.} O-O 20. Red1 Rb6 21. Ra5 Bb7 $2 {[%mdl 8192] [#]} (21... Re8 $16 22. Bb1 Bb7) 22. e5 $1 $18 {[%mdl 512]} Re8 {[#]} (22... dxe5 23. Qxd7) 23. Bf5 $1 {[%cal Rf5d7]} Nxe5 (23... Nc5 $142 24. Nxc5 dxc5 25. Rxc5 Qg7) 24. Qxb6 {[%mdl 64] Double Attack. White is clearly winning.} Nf3+ 25. gxf3 gxf3 26. Kh1 Qg7 27. Bh3 {Accuracy: White = 68%, Black = 41%.} 1-0

[Event "9th HDBank Open 2019"]
[Site "Ho Chi Minh City"]
[Date "2019.03.11"]
[Round "7.16"]
[White "Laxman, R.R."]
[Black "Nandhidhaa, P V"]
[Result "1/2-1/2"]
[WhiteElo "2425"]
[BlackElo "2240"]
[Annotator "TA"]
[PlyCount "57"]
[EventDate "2019.03.07"]
[EventType "swiss"]
[EventCountry "VIE"]
[SourceTitle "playchess.com"]
[Source "ChessBase"]
[SourceQuality "1"]

{[%evp 9,57,8,8,0,0,0,0,0,0,0,0,-1,9,0,0,0,0,7,10,-29,-26,-56,-11,-17,-15,-61,49,54,22,43,33,0,0,0,0,0,0,-41,0,0,0,0,0,0,0,0,0,0,0,0]} 1. d4 Nf6 2. Nf3 d5 3. c4 e6 4. a3 Be7 5. Nc3 O-O 6. cxd5 {E00: Catalan Bogo-Indian (3 g3 Bb4+)} (6. Bf4 b6 7. cxd5 Nxd5 8. Nxd5 exd5 9. e3 c5 10. Be2 Bb7 11. O-O Nd7 12. Qa4 a6 13. dxc5 bxc5 14. Rfd1 Nf6 15. Qb3 Ra7 16. Rac1 Ba8 17. Be5 Nd7 {½-½ (77) Iniyan,P (2481)-Vorobiov,E (2561) Trieste 2018}) 6... exd5 7. Bg5 c6 8. e3 Bf5 9. Bxf6 Bxf6 10. Bd3 Be6 $146 ({Predecessor:} 10... Bxd3 11. Qxd3 Nd7 12. O-O Re8 13. b4 b5 14. a4 a6 {1-0 (46) Galic,I (1888)-Bilobrk,F (2372) Sibenik 2008}) 11. Qc2 h6 12. h4 Nd7 13. O-O-O c5 14. Kb1 Rc8 15. Bh7+ Kh8 16. Bf5 cxd4 17. exd4 Rxc3 ({Black should try} 17... Nb6 $1 $15) 18. bxc3 $14 Bxf5 19. Qxf5 {[#] Threatens to win with Ng5.} Nb6 20. Ka2 Na4 21. Qc2 Qa5 22. Rd3 Rc8 $1 {[%cal Ra4c3]} 23. Rc1 Be7 24. Ne5 $1 {[#] And now c4 would win.The position is equal.} Bxa3 25. Nxf7+ Kg8 26. Nxh6+ $1 Kh8 27. Nf7+ Kg8 28. Nh6+ $1 Kh8 29. Nf7+ {Accuracy: White = 73%, Black = 68%.} 1/2-1/2

[Event "9th HDBank Open 2019"]
[Site "Ho Chi Minh City"]
[Date "2019.03.11"]
[Round "7.17"]
[White "Wang, Shixu B"]
[Black "Chanda, Sandipan"]
[Result "1-0"]
[WhiteElo "2362"]
[BlackElo "2534"]
[Annotator "TA"]
[PlyCount "87"]
[EventDate "2019.03.07"]
[EventType "swiss"]
[EventCountry "VIE"]
[SourceTitle "playchess.com"]
[Source "ChessBase"]
[SourceQuality "1"]

{[%evp 10,87,44,45,52,25,39,37,33,40,45,32,36,39,58,45,50,37,28,0,10,0,24,21,39,0,12,1,17,0,0,-16,-15,-14,0,-68,-65,-65,0,-83,0,0,0,-34,0,-19,-14,-91,0,0,0,0,27,22,410,396,461,461,450,454,436,414,29979,29978,29987,29988,29993,2537,5336,5336,5314,5293,4133,1598,2486,2558,2264,2160,1664,1640]} 1. d4 f5 2. Bg5 g6 3. e3 Bg7 4. Nc3 d5 5. h4 c6 6. Nf3 {LiveBook: 33 Games} Nh6 {A80: Dutch Defence: Unusual White second moves} (6... Nd7 7. Bd3 Ngf6 8. h5 Qb6 9. Rb1 Ne4 10. Bf4 Rg8 11. O-O Bf6 12. hxg6 hxg6 13. Na4 Qd8 14. c4 {0-1 (36) Sunilduth Lyna,N (2536)-Caruana,F (2813) Douglas 2016}) 7. Ne5 $146 ({Predecessor:} 7. h5 Nf7 8. h6 Bf8 9. Bf4 Nd7 10. g4 fxg4 11. Ng5 Nxg5 12. Bxg5 Nf6 13. Bd3 Ne4 14. Bxe4 dxe4 {1-0 (30) Padeiro,J (2293)-Martins,D (2348) Lisbon 2015}) 7... Nd7 8. f4 {[%cal Bf2f4,Bf4e5][%mdl 32]} Nxe5 {White is slightly better.} 9. fxe5 Ng4 10. Be2 h6 11. Bf4 h5 12. Qd2 b6 13. O-O-O a5 14. Bf3 Ba6 15. Kb1 Qd7 16. Na4 Qa7 17. Bg5 e6 18. Nc3 Qc7 19. Ne2 Bxe2 20. Qxe2 b5 $1 {[%cal Bb6b5,Bb5a4][%mdl 32]} 21. Rhf1 Bh6 22. Qd3 ({Better is} 22. Bxh6 $11 Rxh6 23. g3) 22... Bxg5 $15 23. hxg5 Qe7 (23... Rc8 $15) 24. a4 (24. Qc3 $11 {keeps the balance.}) 24... bxa4 25. Bxg4 $1 hxg4 26. Rh1 Rh5 27. Rxh5 gxh5 $11 {[%mdl 4096] Endgame KQR-KQR} 28. Rh1 $1 {[%cal Rh1h5]} Qxg5 (28... Qb4 $1 $17 {Threatens to win with ...Rb8.} 29. Rxh5 Rb8 30. Rh8+ Kf7 31. Rxb8 Qxb8) 29. Qc3 $36 {[%mdl 2048] White fights for an advantage.} Kf7 30. Qxc6 Rh8 31. c4 Qd8 $2 {[%mdl 8192] [#]} (31... dxc4 $11 {and Black has nothing to worry.} 32. d5 Re8) 32. cxd5 $1 $18 Qxd5 33. Qc7+ Kg6 34. Qe7 {Qf6+ would kill now.} Qd8 35. Qxe6+ Kg5 (35... Kg7 $18 36. Qxf5 a3 37. bxa3 Qb6+ 38. Ka1 Qc6 39. Qg5+ Qg6 40. Qe7+ Qf7 41. Qg5+ Qg6 42. Qe7+ Qf7) 36. Qf7 {[%cal Rf7g7]} Rh6 37. g3 Qh8 {[#]} 38. Qe7+ (38. e4 $142 $1 {[%mdl 512]} Re6 (38... fxe4 39. Rf1) 39. Qxf5+ Kh6 40. Qxh5+ Kg7 41. Qxh8+ Kf7 42. Rh7+ Kg6 43. Qg8#) 38... Kg6 {White is clearly winning.} 39. Rc1 {White wants to mate with Rc6+.} Qg7 40. Qe8+ Kh7 41. Qd8 (41. Qc8 $142 h4 42. Rc7 hxg3 43. Qxf5+ Rg6 44. Rxg7+ Kxg7 45. d5) 41... Qg8 42. Qd7+ Qg7 43. Qc8 h4 44. Rc7 {Precision: White = 47%, Black = 54%.} 1-0

[Event "9th HDBank Open 2019"]
[Site "Ho Chi Minh City"]
[Date "2019.03.11"]
[Round "7.18"]
[White "Rathnakaran, K.."]
[Black "Megaranto, Susanto"]
[Result "0-1"]
[WhiteElo "2361"]
[BlackElo "2526"]
[Annotator "TA"]
[PlyCount "78"]
[EventDate "2019.03.07"]
[EventType "swiss"]
[EventCountry "VIE"]
[SourceTitle "playchess.com"]
[Source "ChessBase"]
[SourceQuality "1"]

{[%evp 9,78,32,35,32,63,56,41,22,51,29,46,1,81,-75,-91,-101,-89,-81,-36,-27,-25,-31,-32,-14,-17,-167,-173,-173,-149,-147,-159,-189,-176,-219,-212,-205,-195,-254,-252,-322,-325,-362,-352,-320,-365,-439,-369,-341,-351,-490,-417,-407,-315,-443,-453,-500,-487,-707,-690,-704,-672,-797,-797,-916,-899,-1074,-1045,-974,-851,-2782,-2144]} 1. e4 c6 2. Nc3 d5 3. Nf3 Nf6 4. e5 Ng8 (4... Ne4 5. Ne2 Qb6 6. d4 e6 7. Ng3 c5 8. Bd3 Nxg3 9. hxg3 cxd4 10. Ng5 Nc6 11. Nxh7 Bd7 12. Qe2 O-O-O 13. O-O {0-1 (30) Mamedov,R (2703)-Piorun,K (2634) St Petersburg 2018}) 5. d4 Bg4 6. h3 {B11: Caro-Kann: Two Knights Variation} Bxf3 $1 7. Qxf3 e6 8. Be3 {White is slightly better.} Nd7 9. O-O-O b5 $146 ({Predecessor:} 9... Ne7 10. g4 Qa5 11. Kb1 c5 12. dxc5 {½-½ (33) Trisic,A (2245)-Berg,K (2410) Hamburg 1997}) 10. g4 Nb6 (10... b4 $11 11. Ne2 Rc8) 11. Nxb5 $2 {[#]} (11. Kb1 $16 {stays on course.}) 11... cxb5 $17 12. Bxb5+ Nd7 13. c4 a6 14. Ba4 $1 Rc8 15. c5 Ne7 $1 16. Qe2 Qa5 17. Bxd7+ (17. b3 $11 {and White has nothing to worry.}) 17... Kxd7 $19 18. Kb1 Nc6 19. f4 Rb8 20. Rd3 Qb5 21. Qd2 Be7 22. f5 a5 {[%cal Ba6a5,Ba5a4][%mdl 32]} 23. Rc1 (23. h4 {was necessary.}) 23... a4 24. Rdc3 h5 25. g5 g6 ({Not} 25... exf5 26. g6 $19) 26. f6 Bd8 27. Ra3 Bc7 28. Qc2 Rb7 29. Ka1 Ra8 30. Rb1 Qb4 31. Rd3 {[#]} (31. Bf2 $142) 31... Qb3 $1 {[%mdl 512] Black is clearly winning.} 32. Qe2 (32. Rxb3 $2 {perishes.} axb3 33. Rc1 bxc2) (32. axb3 axb3#) 32... Qb5 33. a3 (33. Rc1 $142 Ba5 34. a3) 33... Rab8 34. Qc2 Qa6 35. Bd2 Rb3 36. Bc3 Ba5 37. Rbd1 Bxc3 38. Rxc3 Rxc3 39. bxc3 Rb3 {Accuracy: White = 24%, Black = 75%.} 0-1

[Event "9th HDBank Open 2019"]
[Site "Ho Chi Minh City"]
[Date "2019.03.11"]
[Round "7.19"]
[White "Fenil, Shah"]
[Black "Chen, Qi B"]
[Result "1/2-1/2"]
[WhiteElo "2360"]
[BlackElo "2443"]
[Annotator "TA"]
[PlyCount "40"]
[EventDate "2019.03.07"]
[EventType "swiss"]
[EventCountry "VIE"]
[SourceTitle "playchess.com"]
[Source "ChessBase"]
[SourceQuality "1"]

{[%evp 17,27,4,35,10,3,0,0,0,0,-8,-12,-14]} 1. d4 Nf6 2. Nf3 d5 3. e3 e6 4. Bd3 Bd6 5. O-O O-O 6. Nbd2 Nbd7 7. e4 dxe4 8. Nxe4 Nxe4 9. Bxe4 Nf6 {LiveBook: 4 Games} 10. Bd3 {D05: Colle System with ...e6} (10. Bg5 h6 11. Bxf6 gxf6 12. Qd2 Kg7 13. Rad1 f5 14. Bd3 b6 15. c4 Qf6 16. Rfe1 Bb7 17. Ne5 Rad8 {1-0 (39) Hagara,E (2410)-Pinter,E (2379) Slovakia 2012}) 10... h6 {The position is equal.} 11. c4 b6 12. b3 Bb7 13. Bb2 c5 14. dxc5 {Predecessor:} Bxc5 $146 15. Qe2 Qe7 16. a3 a5 17. Nd4 Qd6 18. Nf3 Qe7 19. Nd4 Qd6 20. Nf3 Qe7 {½-½ (20) Lagemann,S (2088)-Loeckener,T (1654) Germany 2003} 1/2-1/2

[Event "9th HDBank Open 2019"]
[Site "Ho Chi Minh City"]
[Date "2019.03.11"]
[Round "7.20"]
[White "Vo, Thanh Ninh"]
[Black "Li, Yankai"]
[Result "1/2-1/2"]
[WhiteElo "2358"]
[BlackElo "2434"]
[Annotator "TA"]
[PlyCount "42"]
[EventDate "2019.03.07"]
[EventType "swiss"]
[EventCountry "VIE"]
[SourceTitle "playchess.com"]
[Source "ChessBase"]
[SourceQuality "1"]

{[%evp 22,42,8,3,11,11,14,0,0,0,0,0,0,0,0,0,0,0,0,0,19,26,31]} 1. g3 c5 2. Bg2 Nc6 3. c4 g6 4. Nc3 Bg7 5. d3 d6 6. e4 Nf6 7. Nge2 Rb8 8. Rb1 O-O 9. O-O a6 10. a3 b5 11. cxb5 axb5 12. b4 $1 Ba6 {A36: Symmetrical English vs ...g6: 4 Bg2 Bg7} (12... cxb4 13. axb4 e5 14. Be3 Be6 15. d4 Bc4 16. d5 Ne7 17. f3 Nd7 18. Qd2 f5 19. Ra1 Nf6 20. Bh3 Ra8 21. Rfc1 h5 22. Rxa8 Qxa8 {0-1 (63) Granda Zuniga,J (2646)-Lopez Martinez,J (2552) Lorca 2016}) 13. Bf4 Nd7 14. bxc5 Nxc5 {The position is equal.} 15. d4 Na4 16. Nd5 e6 17. Nb4 Nxb4 18. Rxb4 Rc8 19. Qd3 $146 {[#] aiming for Rxa4!} ({Predecessor:} 19. d5 exd5 20. Qxd5 Re8 21. Qxd6 Qxd6 22. Bxd6 Nb2 23. Nf4 Nc4 24. e5 {½-½ (24) Cardoso Garcia,S (2235)-Suarez Rodriguez,J (2120) ICCF email 2014}) 19... Rc4 20. Rfb1 Rxb4 21. Rxb4 Qb6 1/2-1/2

[Event "9th HDBank Open 2019"]
[Site "Ho Chi Minh City"]
[Date "2019.03.11"]
[Round "7.21"]
[White "Tran, Minh Thang"]
[Black "Laylo, Darwin"]
[Result "1/2-1/2"]
[WhiteElo "2343"]
[BlackElo "2430"]
[Annotator "TA"]
[PlyCount "88"]
[EventDate "2019.03.07"]
[EventType "swiss"]
[EventCountry "VIE"]
[SourceTitle "playchess.com"]
[Source "ChessBase"]
[SourceQuality "1"]

{[%evp 13,88,30,31,27,41,43,46,38,45,19,30,13,8,11,12,-15,-3,-21,-18,-37,0,-24,-25,-25,-19,-17,-25,-27,-18,-14,-14,-14,-14,-30,-14,-22,-15,-17,-21,-14,-27,-17,-8,-14,-8,-19,-14,-28,-4,-37,-4,-14,-4,-8,0,0,0,-8,0,0,0,-15,0,0,0,0,0,0,0,0,0,0,0,0,0,0,0]} 1. Nf3 Nf6 2. c4 c6 3. d4 d5 4. cxd5 cxd5 5. Nc3 a6 6. Bf4 e6 7. e3 Be7 8. h3 {D13: Slav Defence: Exchange variation without ...Bf5} b5 9. Bd3 Bb7 10. O-O {White is slightly better.} O-O 11. Ne5 Nbd7 12. Rc1 Rc8 13. Nxd7 $146 ({Predecessor:} 13. a4 b4 14. Na2 Nxe5 15. Rxc8 Qxc8 16. Bxe5 {½-½ (26) Sohal,T (2331)-Cheng,B (2495) Victoria 2015}) 13... Qxd7 14. Be5 Ne4 15. Nxe4 dxe4 16. Bb1 Bd6 17. Qh5 f5 18. Bxd6 Qxd6 19. Qe2 Bd5 {...Bc4 is the strong threat.} 20. Qd2 h6 21. Rxc8 Rxc8 22. Rc1 Rc6 23. a3 Bb3 24. Rc3 Qc7 25. Qc1 Rxc3 26. Qxc3 Qxc3 27. bxc3 $11 {[%mdl 4096] Endgame KB-KB} Bd5 28. Kf1 Kf7 29. Ke2 Bc4+ 30. Ke1 $1 g5 31. Bc2 Kf6 32. Bd1 {The position is equal.} e5 33. Be2 Bd5 34. Kd2 Bb3 35. Bd1 Bf7 36. Be2 h5 37. c4 exd4 (37... bxc4 {is more complex.} 38. d5 Bxd5 39. Bxh5 g4 40. hxg4 f4) 38. cxb5 {[#] And now b6 would win.} dxe3+ 39. fxe3 axb5 40. Bxb5 Bd5 41. g3 h4 $1 {[%cal Rh4g3]} 42. gxh4 gxh4 43. a4 Ke5 44. a5 Bb7 {Accuracy: White = 58%, Black = 52%.} 1/2-1/2

[Event "9th HDBank Open 2019"]
[Site "Ho Chi Minh City"]
[Date "2019.03.11"]
[Round "7.22"]
[White "Saravana, Krishnan P."]
[Black "Nguyen, Van Huy"]
[Result "0-1"]
[WhiteElo "2352"]
[BlackElo "2428"]
[Annotator "TA"]
[PlyCount "74"]
[EventDate "2019.03.07"]
[EventType "swiss"]
[EventCountry "VIE"]
[SourceTitle "playchess.com"]
[Source "ChessBase"]
[SourceQuality "1"]

{[%evp 9,74,12,24,8,-11,0,0,3,8,-16,-12,-26,-18,-22,-36,-36,-31,-36,-36,-36,-36,-83,-42,-58,-48,-45,-49,-79,-76,-126,-131,-111,-111,-206,-140,-144,-148,-162,-152,-148,-115,-118,-91,-118,-77,-333,-288,-311,-274,-278,-268,-283,-281,-872,-204,-804,-789,-1063,-1052,-29994,-29995,-29995,-29996,-29996,-29997,-29998,-29999]} 1. e4 c6 2. d4 d5 3. Nc3 dxe4 4. Nxe4 Bf5 5. Nc5 Nd7 6. Nxb7 {B18: Classical Caro-Kann: 4...Bf5 sidelines} Qc7 7. Nc5 Nxc5 8. dxc5 {The position is equal.} e5 9. Qf3 $146 ({Predecessor:} 9. b4 a5 10. c3 Rd8 11. Qa4 Nf6 12. Bc4 Nd5 13. Ne2 {1-0 (46) Piorun,K (2499)-Rodshtein,M (2626) Wroclaw 2010}) 9... Bxc2 10. Qc3 Be4 11. Nf3 Bxf3 12. gxf3 Nf6 13. Bd2 Be7 14. Rg1 Nd5 15. Qc2 Bf6 16. Bc4 O-O $1 17. Qf5 {Strongly threatening Bxd5.} Kh8 18. Kf1 Rad8 19. Rc1 Ne7 $1 {[%csl LRd2,LRf5]} 20. Qc2 Qd7 21. Ke2 (21. Ba5 $17 Qh3+ {[%mdl 64] Double Attack} 22. Rg2) 21... Nf5 $36 {[%mdl 2048] aiming for ...Nd4+. Black is really pushing.} 22. Bc3 Nd4+ 23. Bxd4 exd4 24. Qd3 Qc7 25. Rg3 Qf4 26. Rc2 Qh4 27. Qf5 $2 {[%mdl 8192]} (27. f4 $17 {was necessary.}) 27... Rfe8+ $19 (27... Qxh2 28. Rh3 $17) 28. Kd3 Re3+ 29. fxe3 dxe3+ 30. Kxe3 {[#]} Bd4+ $1 ({Not} 30... Re8+ 31. Qe4 $19) 31. Kd3 $2 (31. Ke2 Qxh2+ 32. Kf1 Qh1+ 33. Ke2 Re8+ 34. Kd3 Qd1+ 35. Rd2 Qb1+ 36. Rc2 Bxb2 37. Rgg2) 31... Bxb2+ $2 (31... Bxc5+ 32. Bd5 Qd4+ {[%mdl 64] Double Attack} 33. Ke2 Qf2+ 34. Kd1 Rxd5+ 35. Qxd5 Qf1+ 36. Kd2 cxd5) 32. Ke3 $2 {[#]} (32. Bd5 Rxd5+ 33. Qxd5 cxd5 34. Rxb2 Qc4+ 35. Kd2 Qd4+ 36. Kc1 Qxc5+ 37. Kd1) 32... Bd4+ $1 ({Less strong is} 32... Re8+ 33. Kf2 $15) 33. Kd3 Bxc5+ {[%mdl 64] Discovered Attack} 34. Kc3 Qd4+ {Black mates.} 35. Kb3 Rb8+ 36. Ka4 Rb4+ {[%mdl 64] Double Attack} 37. Ka5 Qd8+ {Accuracy: White = 37%, Black = 84%.} 0-1

[Event "9th HDBank Open 2019"]
[Site "Ho Chi Minh City"]
[Date "2019.03.11"]
[Round "7.23"]
[White "Huang, Renjie"]
[Black "Bulmaga, Irina"]
[Result "0-1"]
[WhiteElo "2335"]
[BlackElo "2424"]
[Annotator "TA"]
[PlyCount "62"]
[EventDate "2019.03.07"]
[EventType "swiss"]
[EventCountry "VIE"]
[SourceTitle "playchess.com"]
[Source "ChessBase"]
[SourceQuality "1"]

{[%evp 21,62,12,23,-8,-7,-22,-14,-22,-18,-7,-10,-17,-1,-29,-39,-59,-23,-25,14,0,39,0,0,0,0,-145,0,0,0,0,0,0,0,-1504,-1547,-1400,-1502,-1397,-1370,-1370,-1370,-1132,-1110]} 1. e4 c6 2. d4 d5 3. Nc3 dxe4 4. Nxe4 Bf5 5. Ng3 Bg6 6. Nh3 Nf6 7. Nf4 Nbd7 8. c3 Qc7 9. Bc4 e6 10. O-O Bd6 11. Qf3 O-O-O {LiveBook: 11 Games} 12. Be3 {B01: Scandinavian Defence} Nb6 $146 ({Predecessor:} 12... e5 13. Nxg6 fxg6 14. d5 Kb8 15. Rad1 e4 16. Qe2 Ne5 17. dxc6 Qxc6 18. Bb5 Qc7 19. Bg5 Nf7 {1-0 (36) Lugovskoy,M (2443)-Pshmahov,O (2143) Maikop 2018}) 13. Bb3 Nbd5 14. Nxg6 {The position is equal.} hxg6 15. Bg5 Bf4 16. Bxf4 $1 Nxf4 17. Rfe1 Rh4 18. Rad1 Rdh8 19. h3 Nh7 {[%cal Bf6h7,Bh7g5,Bg5f3][%mdl 32]} 20. Qe3 Ng5 21. Bc4 Qd8 22. Bf1 Qf6 23. a4 {[#]} (23. d5 $11 {keeps the balance.} exd5 24. Qxa7) 23... Nfxh3+ $1 {[%mdl 512]} 24. gxh3 $11 Nf3+ 25. Kh1 g5 $1 {[%cal Bg6g5,Bg5g4][%mdl 32] Strongly threatening ...g4.} 26. Rd3 g4 27. Red1 $2 {[%mdl 8192]} (27. Qe4 $11) 27... Rxh3+ $19 {Black is clearly winning.} 28. Bxh3 Qh4 {[%cal Rh4h3]} 29. Qxf3 Qxh3+ 30. Kg1 gxf3 31. Rxf3 f5 {Precision: White = 49%, Black = 67%.} 0-1